| 000 | 01021ngm a2200205 a 4500 | ||
|---|---|---|---|
| 005 | 20240215063819.0 | ||
| 008 | 991125s1970 mx 045 d daspa u | ||
| 035 | _aUPN01000000901 | ||
| 049 | _aAV | ||
| 050 | 4 | _aPVI H 0010 | |
| 245 | 0 | 0 | _aAdministración por objetivos y calificación de méritos (3 partes). |
| 260 |
_aMéxico : _bPelículas Mel, _c[197?]. |
||
| 300 |
_a1 videocasete (VHS) (45 min.) : _bson., col. |
||
| 500 | _aNúmero que le corresponde en el catálogo de películas Mel: 239 | ||
| 520 | _aSerie de tres programas animados: el primero nos habla de la administración por objetivos en forma de introducción general de los principios básicos, el segundo desarrollando los objetivos muestra la planeación de objetivos y metas, el tercero se refiere a la calificación de méritos, presenta estos objetivos y el éxito obtenido a través de usar la administración con objetivos | ||
| 650 | 4 |
_aAdministración _928 |
|
| 650 | 4 | _aMANEJO DE JUNTAS | |
| 650 | 4 | _aSUPERVISION | |
| 905 | _aAudiovisuales | ||
| 999 |
_c901 _d901 |
||